An international vocabulary of technical theatre terms : in eight languages (American, Dutch, English, French, German, Italian, Spanish, Swedish) (Record no. 172297)

MARC details
000 -LEADER
campo de control de longitud fija 00951nam a2200169 i 4500
001 - NÚMERO DE CONTROL
campo de control 172297
003 - IDENTIFICADOR DE NÚMERO DE CONTROL
campo de control ES-MaACL
005 - FECHA Y HORA DE LA ÚLTIMA TRANSACCIÓN
campo de control 20230906214851.0
008 - DATOS DE LONGITUD FIJA--INFORMACIÓN GENERAL
campo de control de longitud fija 090624s1977 be |||| | fre d
080 ## - NÚMERO DE LA CLASIFICACIÓN DECIMAL UNIVERSAL
Número de la Clasificación Decimal Universal 792(038)
245 03 - MENCIÓN DEL TÍTULO
Título An international vocabulary of technical theatre terms : in eight languages (American, Dutch, English, French, German, Italian, Spanish, Swedish)
Resto del título = Lexique international de termes techniques de théâtre : en huit langues (allemand, américain, anglais,...) /
Mención de responsabilidad, etc. edited by Kenneth Rae and Richard Southern for the International Theatre Institute = rassemblé par K... Rae et R... Southern pour l'Institut international du théâtre.
246 11 - FORMA VARIANTE DEL TITULO
Título propio/Titulo breve Lexique international de termes techniques de théâtre
260 ## - PUBLICACIÓN, DISTRIBUCIÓN, ETC.
Lugar de publicación, distribución, etc. Paris ;
-- Bruxelles :
Nombre del editor, distribuidor, etc. Meddens,
Fecha de publicación, distribución, etc. 1977.
300 ## - DESCRIPCIÓN FÍSICA
Extensión 139 p. ;
Dimensiones 18 cm.
650 04 - PUNTO DE ACCESO ADICIONAL DE MATERIA--TÉRMINO DE MATERIA
Término de materia o nombre geográfico como elemento de entrada Teatro-
Subdivisión de forma Diccionarios.
9 (RLIN) 17300
852 4# - LOCALIZACIÓN
Ubicación ES-MaACL
Número de control de estantería E-12726
itemnumber R.190330
Nota libre . - Biblioteca Jacinto Martínez Lacalle
Holdings
Estatus retirado Estado de pérdida Estado de daño No para préstamo Biblioteca de origen Biblioteca actual Ubicación en estantería Fecha de adquisición Fuente de adquisición Total de préstamos Signatura topográfica completa Código de barras Visto por última vez Precio de reemplazo Tipo de ítem Koha
        Biblioteca del Ateneo de Madrid Biblioteca del Ateneo de Madrid Depósito 2 24/06/2009     E-12726 1180813 23/02/2023 23/02/2023 Libro impreso